LEADER 01161nam 2200349 a 450 001 9910698763603321 005 20090408151219.0 035 $a(CKB)5470000002396218 035 $a(OCoLC)318075744 035 $a(EXLCZ)995470000002396218 100 $a20090408d2009 ua 0 101 0 $aeng 135 $aurmn||||||||| 181 $ctxt$2rdacontent 182 $cc$2rdamedia 183 $acr$2rdacarrier 200 10$aHuman capital$b[electronic resource] $eopportunities exist to build on recent progress to strengthen DOD's civilian human capital strategic plan : report to congressional requesters 210 1$a[Washington, D.C.] :$cU.S. Govt. Accountability Office,$d[2009] 215 $aii, 55 pages $cdigital, PDF file 300 $aTitle from title screen (viewed on Mar. 12, 2008). 300 $a"February 2009." 300 $a"GAO-09-235." 320 $aIncludes bibliographical references. 517 $aHuman capital 606 $aHuman capital$zUnited States 615 0$aHuman capital 801 0$bGPO 801 1$bGPO 906 $aBOOK 912 $a9910698763603321 996 $aHuman capital$91131333 997 $aUNINA